UM Logo

Values and planning / (Record no. 6830)

MARC details
000 -LEADER
fixed length control field 00609nam a2200193 4500
008 - FIXED-LENGTH DATA ELEMENTS--GENERAL INFORMATION
fixed length control field 170503b xxu||||| |||| 00| 0 eng d
020 ## - INTERNATIONAL STANDARD BOOK NUMBER
International Standard Book Number 1-85628-306-2
082 ## - DEWEY DECIMAL CLASSIFICATION NUMBER
Edition number 1994
Classification number DC 320.6
Item number V24
245 ## - TITLE STATEMENT
Title Values and planning /
Statement of responsibility, etc. edited by Huw Thomas
260 ## - PUBLICATION, DISTRIBUTION, ETC. (IMPRINT)
Place of publication, distribution, etc. Aldershot :
Name of publisher, distributor, etc. Avebury ,
Date of publication, distribution, etc. c1994.
300 ## - PHYSICAL DESCRIPTION
Extent viii, 231 pages :
Other physical details illustrations ;
Dimensions 24 cm
500 ## - GENERAL NOTE
General note Includes bibliographical references and index
650 #0 - SUBJECT ADDED ENTRY--TOPICAL TERM
9 (RLIN) 20672
Topical term or geographic name as entry element Policy sciences
650 #0 - SUBJECT ADDED ENTRY--TOPICAL TERM
9 (RLIN) 20673
Topical term or geographic name as entry element Planning
650 #0 - SUBJECT ADDED ENTRY--TOPICAL TERM
9 (RLIN) 20674
Topical term or geographic name as entry element Values
700 ## - ADDED ENTRY--PERSONAL NAME
9 (RLIN) 20675
Personal name Thomas, Huw, 1954-
Relator term editor
365 ## - TRADE PRICE
Price amount 3,080.00
Currency code Php
942 ## - ADDED ENTRY ELEMENTS (KOHA)
Source of classification or shelving scheme Dewey Decimal Classification
Koha item type Circulation
Holdings
Withdrawn status Lost status Source of classification or shelving scheme Damaged status Not for loan Collection code Home library Current library Date acquired Source of acquisition Cost, normal purchase price Total Checkouts Full call number Barcode Date last seen Price effective from Koha item type
    Dewey Decimal Classification     Circulation UM Digos College - LIC UM Digos College - LIC 09/28/1996 Purchased 3080.00   DC 320.6 V24 1994 12092 05/15/2025 05/03/2017 Circulation